[Event "Laax Seniors op 8th"]
[Site "Laax"]
[Date "2009.??.??"]
[Round "?"]
[White "Siegfried, Harry"]
[Black "Birchmeier, Walter"]
[Result "1/2-1/2"]
[WhiteElo "1978"]
[BlackElo "1957"]
[PlyCount "82"]
[EventDate "2009.08.10"]
[EventType "swiss"]
[EventRounds "9"]
[EventCountry "SUI"]
[SourceTitle "EXT 2022"]
[Source "ChessBase"]
[SourceDate "2021.10.06"]
[SourceVersion "1"]
[SourceVersionDate "2021.10.06"]
[SourceQuality "1"]

1. e4 c5 2. Nf3 Nc6 3. d4 cxd4 4. Nxd4 e5 5. Nb5 d6 6. N1c3 a6 7. Na3 b5 8. Nd5 Nf6 9. Bg5 Qa5+ 10. Bd2 Qd8 11. Be3 Rb8 12. Nxf6+ Qxf6 13. c3 Qg6 14. f3 Be7 15. Nc2 0-0 16. Qd2 Be6 17. Bd3 Bc4 18. 0-0 Bxd3 19. Qxd3 Kh8 20. f4 exf4 21. Bxf4 Ne5 22. Qe2 Bd8 23. Bxe5 dxe5 24. Nb4 Bg5 25. Nd5 f5 26. exf5 Rxf5 27. Rxf5 Qxf5 28. Rf1 Qe6 29. Qe4 Rd8 30. b3 Bf6 31. c4 bxc4 32. bxc4 Rc8 33. Rb1 Bd8 34. Rb3 Qd6 35. g3 Qc5+ 36. Kg2 Bf6 37. Nb6 Rd8 38. Nd5 Rf8 39. Rf3 Qa5 40. Qe2 Qc5 41. Qe4 Qa5 1/2-1/2

[Event "Seefeld op 13th"]
[Site "Seefeld"]
[Date "2002.09.19"]
[Round "6"]
[White "Thoeny, Hermann"]
[Black "Birchmeier, Walter"]
[Result "1-0"]
[WhiteElo "2134"]
[BlackElo "1890"]
[PlyCount "111"]
[EventDate "2002.09.14"]
[EventType "swiss"]
[EventRounds "9"]
[EventCountry "AUT"]
[SourceTitle "EXT 2007"]
[Source "ChessBase"]
[SourceDate "2006.11.23"]
[SourceVersion "1"]
[SourceVersionDate "2006.11.23"]
[SourceQuality "1"]

1. d4 e6 2. Nf3 Nf6 3. g3 b5 4. Bg2 Bb7 5. 0-0 c5 6. c3 cxd4 7. cxd4 Be7 8. Nbd2 0-0 9. a4 a6 10. axb5 axb5 11. Rxa8 Bxa8 12. Qb3 Qa5 13. Qc2 d5 14. Nb3 Qb6 15. Bd2 Nc6 16. Rc1 b4 17. Bf4 h6 18. Qd3 Nd7 19. h4 Bb7 20. Bh3 Rc8 21. Ra1 Ra8 22. Rxa8+ Bxa8 23. Qe3 Nd8 24. g4 Bc6 25. g5 hxg5 26. Bxg5 Bxg5 27. Qxg5 f6 28. Qe3 Nf8 29. Nc5 Be8 30. Ne1 Bg6 31. Ned3 Bxd3 32. Qxd3 e5 33. Qb3 Qd6 34. Qxb4 Nde6 35. Nd3 Qxb4 36. Nxb4 Nxd4 37. Kf1 Kf7 38. h5 Ke7 39. Nxd5+ Kd6 40. Ne3 Kc5 41. Nf5 Nde6 42. e3 g6 43. Ng3 gxh5 44. Bxe6 Nxe6 45. Ne4+ Kb4 46. Nxf6 h4 47. Ne4 Kb3 48. Nd2+ Kxb2 49. Nc4+ Kc2 50. Nxe5 h3 51. f4 Kd2 52. Kf2 Nc5 53. Ng4 Kd3 54. Kf3 Kc4 55. Nf2 h2 56. Kg2 1-0

[Event "Seefeld op 13th"]
[Site "Seefeld"]
[Date "2002.09.17"]
[Round "4"]
[White "Heyse, Juergen"]
[Black "Birchmeier, Walter"]
[Result "1/2-1/2"]
[WhiteElo "1560"]
[BlackElo "1890"]
[PlyCount "47"]
[EventDate "2002.09.14"]
[EventType "swiss"]
[EventRounds "9"]
[EventCountry "AUT"]
[SourceTitle "EXT 2007"]
[Source "ChessBase"]
[SourceDate "2006.11.23"]
[SourceVersion "1"]
[SourceVersionDate "2006.11.23"]
[SourceQuality "1"]

1. d4 e6 2. Nf3 Nf6 3. e3 b6 4. Bd3 Bb7 5. Nbd2 d5 6. 0-0 c5 7. c3 Bd6 8. Re1 0-0 9. e4 dxe4 10. Nxe4 Be7 11. Nxf6+ Bxf6 12. dxc5 bxc5 13. Qc2 h6 14. Be3 Qc7 15. Be4 Nd7 16. Bxb7 Qxb7 17. Rad1 Rfd8 18. Nd2 Be7 19. b3 Nf6 20. Bf4 Rd7 21. Nc4 Rad8 22. Rxd7 Qxd7 23. Ne5 Qc8 24. Nc4 1/2-1/2